Statistiques concernant Equipe qui a remporté le top 14

Cliquez ici pour prendre le quiz!

Statistiques générales

  • Ce quiz a été pris 147 fois
  • Le résultat moyen est 15 sur 18

Statistiques - réponses

HintRéponse% Correct
2022-2023Stade Toulousain
100%
2010-2011Stade Toulousain
100%
2020-2021Stade Toulousain
100%
2007-2008Stade Toulousain
100%
2018-2019Stade Toulousain
100%
2011-2012Stade Toulousain
100%
2013-2014RC Toulon
94%
2009-2010ASM Clermont
88%
2016-2017ASM Clermont
88%
2015-2016Racing 92
87%
2012-2013Castres Olympique
83%
2017-2018Castres Olympique
83%
2021-2022Montpellier Hérault Rugby
73%
2008-2009USA Perpignan
70%
2014-2015Stade Français Paris
63%
2006-2007Stade Français Paris
63%
2005-2006Biarritz Olympique PB
61%
2004-2005Biarritz Olympique PB
61%

Distribution des résultats

Percentile par nombre de réponses

% des personnes avec chaque résultat

Votre développement - résultats

Vous n’avez pas pris ce quiz